Contributi all'epigrafia d'età augustea: actes de la rencontre franco-italienne sur l'epigraphie du monde romain
Guardat en:
| Autor principal: | |
|---|---|
| Format: | Llibre |
| Idioma: | italià |
| Publicat: |
Roma
Tipigraf
2007
|
| Edició: | 1a. ed |
| Matèries: | |
| Etiquetes: |
Afegir etiqueta
Sense etiquetes, Sigues el primer a etiquetar aquest registre!
|
MARC
| LEADER | 00000cam a2200000 a 4500 | ||
|---|---|---|---|
| 001 | UCD8611 | ||
| 003 | CL-VaPUC | ||
| 005 | 20230112113849.0 | ||
| 008 | 170519e20070000it 1 ita d | ||
| 020 | |a 9788887994131 | ||
| 082 | 0 | 4 | |a 937.3 |b PAC |2 21 |
| 100 | |a Paci, Gianfranco |e autore |9 592198 | ||
| 245 | 1 | 0 | |a Contributi all'epigrafia d'età augustea: actes de la rencontre franco-italienne sur l'epigraphie du monde romain |
| 250 | |a 1a. ed | ||
| 260 | |a Roma |b Tipigraf |c 2007 | ||
| 300 | |a 503 p | ||
| 583 | |a last modification |c 20190909 10:07:57 |k Rodrigo Vera | ||
| 650 | 0 | 0 | |a Historia de Roma |9 315349 |
| 650 | 0 | 0 | |a Paleografía |9 264942 |
| 942 | |c BK | ||
| 945 | |a dcastane |d 20170519 15:42:00 | ||
| 546 | |a En Italiano | ||
| 536 | |a Università degli Studi di Macerata | ||
| 518 | |p Rencontre franco-italienne sur l'epigraphie du monde romain, 13, Macerata, 9-11 settembre 2005 | ||
| 999 | |c 384874 |d 384872 | ||
| 952 | |0 0 |1 0 |3 erb |4 0 |6 937_300000000000000_PAC_2007 |7 0 |8 ? |9 507877 |a FDOLAF |b FDOLAF |e Laffi, Umberto |i 5391466 |o 937.3 PAC 2007 |p 5391466 |r 2024-01-30 |w 2020-01-23 |y BK |z Catalogado en:20170519 |k LAF | ||